Tous les pays commençant par L. - Statistiques

Statistiques générales
  • Ce quiz a été pris 245 fois
  • Le résultat moyen est 7 sur 9
Statistiques - réponses
Réponse % Correct
Lituanie
97%
Lettonie
94%
Laos
80%
Luxembourg
79%
Liban
76%
Liechtenstein
76%
Libye
74%
Lesotho
71%
Libéria
59%
Aucun quiz correspondant
Distribution des résultats
% des personnes avec chaque résultat
Percentile par nombre de réponses
Votre historique - résultats
Vous n’avez pas pris ce quiz